The noble scholar, jurist, historian


 His Excellency Dr. Abdul Wahhab bin Ibrahim Abu Sulaiman, may Allah have mercy on him.


 He was born in Umm Al-Qura in the year 1356 AH.

كتاب الأزهار الرياضية في أئمة وملوك الأباضية / (Record no. 8406)

MARC details
000 -LEADER
fixed length control field 01741cam a2200481 i 4500
003 - CONTROL NUMBER IDENTIFIER
control field SA-RiAUC
005 - DATE AND TIME OF LATEST TRANSACTION
control field 20250527075004.0
008 - FIXED-LENGTH DATA ELEMENTS--GENERAL INFORMATION
fixed length control field 250524s1986 ti g 000 0cara c
040 ## - CATALOGING SOURCE
Original cataloging agency SA-RiAUC
Language of cataloging ara
Transcribing agency SA-RiAUC
Description conventions rda
043 ## - GEOGRAPHIC AREA CODE
Geographic area code f-mr---
082 04 - DEWEY DECIMAL CLASSIFICATION NUMBER
Classification number 922.586
090 ## - LOCALLY ASSIGNED LC-TYPE CALL NUMBER (OCLC); LOCAL CALL NUMBER (RLIN)
Classification number (OCLC) (R) ; Classification number, CALL (RLIN) (NR) 922.586
Local cutter number (OCLC) ; Book number/undivided call number, CALL (RLIN) س ل ي
100 1# - MAIN ENTRY--PERSONAL NAME
Personal name سليمان الباروني، سليمان بن عبد الله بن يحيى،
Titles and words associated with a name باشا،
Dates associated with a name 1870-1940
Relator term مؤلف.
245 10 - TITLE STATEMENT
Title كتاب الأزهار الرياضية في أئمة وملوك الأباضية /
Statement of responsibility, etc. سليمان عبد الله الباروني النفوسي.
246 30 - VARYING FORM OF TITLE
Title proper/short title الأزهار الرياضية في أئمة وملوك الأباضية
264 #1 - PRODUCTION, PUBLICATION, DISTRIBUTION, MANUFACTURE, AND COPYRIGHT NOTICE
Place of production, publication, distribution, manufacture تونس :
Name of producer, publisher, distributor, manufacturer دار بو سلامة،
Date of production, publication, distribution, manufacture, or copyright notice 1986
300 ## - PHYSICAL DESCRIPTION
Extent 311 صفحة ؛
Dimensions 24 سم
336 ## - CONTENT TYPE
Content type term نص
Content type code txt
Source rdacontent
Materials specified كتاب
337 ## - MEDIA TYPE
Media type term بدون وسيط
Media type code n
Source rdamedia
338 ## - CARRIER TYPE
Carrier type term مجلد
Carrier type code nc
Source rdacarrier
590 ## - LOCAL NOTE (RLIN)
Local note 2 autres exemplaires sont commandés chez (222).
650 #7 - SUBJECT ADDED ENTRY--TOPICAL TERM
Topical term or geographic name entry element الأباضية (فرقة إسلامية)
Geographic subdivision المغرب
Source of heading or term aucsh
650 #7 - SUBJECT ADDED ENTRY--TOPICAL TERM
Topical term or geographic name entry element الأئمة والأولياء
Geographic subdivision المغرب
Source of heading or term aucsh
651 #7 - SUBJECT ADDED ENTRY--GEOGRAPHIC NAME
Geographic name المغرب
General subdivision ملوك وحكام
Form subdivision تراجم
Source of heading or term aucsh
653 ## - INDEX TERM--UNCONTROLLED
Uncontrolled term الإمامة.
653 ## - INDEX TERM--UNCONTROLLED
Uncontrolled term IMAMAT.
653 ## - INDEX TERM--UNCONTROLLED
Uncontrolled term الملوك.
653 ## - INDEX TERM--UNCONTROLLED
Uncontrolled term ROI.
653 ## - INDEX TERM--UNCONTROLLED
Uncontrolled term الإباضية.
653 ## - INDEX TERM--UNCONTROLLED
Uncontrolled term IBADISME.
653 ## - INDEX TERM--UNCONTROLLED
Uncontrolled term الأمازيغيون.
653 ## - INDEX TERM--UNCONTROLLED
Uncontrolled term AMAZIGH.
653 ## - INDEX TERM--UNCONTROLLED
Uncontrolled term المدن.
653 ## - INDEX TERM--UNCONTROLLED
Uncontrolled term VILLE.
653 ## - INDEX TERM--UNCONTROLLED
Uncontrolled term الرستميون.
653 ## - INDEX TERM--UNCONTROLLED
Uncontrolled term RUSTUMIDE.
653 ## - INDEX TERM--UNCONTROLLED
Uncontrolled term طاهرت.
653 ## - INDEX TERM--UNCONTROLLED
Uncontrolled term TAHERT.
653 ## - INDEX TERM--UNCONTROLLED
Uncontrolled term MAGHREB.
653 ## - INDEX TERM--UNCONTROLLED
Uncontrolled term المغرب العربي.
942 ## - ADDED ENTRY ELEMENTS (KOHA)
Source of classification or shelving scheme Dewey Decimal Classification
Koha item type Books
Suppress in OPAC No
949 ## - LOCAL PROCESSING INFORMATION (OCLC)
a SA-JeALM
d 250524
u mohamedma123
n 1
Holdings
Withdrawn status Lost status Source of classification or shelving scheme Damaged status Not for loan Home library Current library Date acquired Total checkouts Full call number Barcode Date last seen Price effective from Koha item type
    Dewey Decimal Classification     DR AbdElwahab Library DR AbdElwahab Library 05/27/2025   922.586 س ل ي 000014084 05/27/2025 05/27/2025 Books